Mistico cielo, en que se gozan los bienes del alma y vida de la verdad (Record no. 8303)

MARC details
000 -CABECERA
campo de control de longitud fija 01165nam a2200217 a 4500
001 - NÚMERO DE CONTROL
campo de control BRCA_8643
005 - FECHA Y HORA DE LA ÚLTIMA TRANSACCIÓN
campo de control 20190320210344.0
008 - DATOS DE LONGITUD FIJA--INFORMACIÓN GENERAL
campo de control de longitud fija 280916s1685----sp-#######---#000-0#spa-#
041 ## - CÓDIGO DE LENGUA
Código de lengua del texto/banda sonora o título independiente spa
044 ## - CÓDIGO DEL PAÍS DE LA ENTIDAD EDITORA/PRODUCTORA
Código MARC del país sp
084 ## - OTRO NÚMERO DE CLASIFICACIÓN
Número de clasificación BE36
Número de documento/Ítem .I85 1685
100 1# - ENTRADA PRINCIPAL--NOMBRE DE PERSONA
Nombre de persona Isidro de León,
Títulos y otros términos asociados al nombre Fray
9 (RLIN) 21572
245 10 - MENCIÓN DE TÍTULO
Título Mistico cielo, en que se gozan los bienes del alma y vida de la verdad
Resto del título adornado de tres gerarquias, y en caca una tres ordenes, que hacen nueve coros de espiritus viadores en el destierro ; a semejanza del cielo beatifico, y glorioso, que se adorna de tres gerarquias, y en cada una tres ordenes que hacen nueve coros d espiritus comprehensores en la patria
Mención de responsabilidad, etc. compuesto por el P. Fr. Isidro de Leon, Religioso Capuchino de la Orden de los Menores de N. S. P. S. Francisco de la Prov.a de Castilla.
260 ## - PUBLICACIÓN, DISTRIBUCIÓN, ETC.
Lugar de publicación, distribución, etc. Madrid
Nombre del editor, distribuidor, etc. Roque Rico de Miranda
Fecha de publicación, distribución, etc. 1685
300 ## - DESCRIPCIÓN FÍSICA
Extensión 431-666, [70] p. (t.3)
Dimensiones 20 x 14 cm.
500 ## - NOTA GENERAL
Nota general Estado físico : encuadernación muy deteriorada, lomo por desprenderse, cintas rotas, hojas débiles y algunas rotas
650 14 - PUNTO DE ACCESO ADICIONAL DE MATERIA--TÉRMINO DE MATERIA
Término de materia o nombre geográfico como elemento de entrada Misticismo
Subdivisión general Iglesia católica
9 (RLIN) 21573
650 14 - PUNTO DE ACCESO ADICIONAL DE MATERIA--TÉRMINO DE MATERIA
Término de materia o nombre geográfico como elemento de entrada Teología doctrinal
9 (RLIN) 21574
902 ## - CATALOGADOR
Iniciales CFM
942 ## - ELEMENTOS DE PUNTO DE ACCESO ADICIONAL (KOHA)
Fuente del sistema de clasificación o colocación Library of Congress Classification
Tipo de ítem Koha Libros
Holdings
Estado de retiro Estado de pérdida Fuente del sistema de clasificación o colocación Estado dañado No para préstamo Código de colección Localización permanente Ubicación/localización actual Fecha de adquisición Fuente de adquisición Total de préstamos Signatura topográfica completa Código de barras Fecha visto por última vez Precio válido a partir de Tipo de ítem Koha
El ejemplar forma parte de la colección y puede ser consultado según las políticas vigentes.   Library of Congress Classification     Conventual Franz Mayer Biblioteca del Museo Franz Mayer (Rogerio Casas-Alatriste) Biblioteca del Museo Franz Mayer (Rogerio Casas-Alatriste) 23/09/2016 Donación   BE36 .I85 1685 CFM00033 22/03/2019 22/03/2019 Libros